Journal of Plant Development | Alexandru Ioan Cuza University of Iasi

Бібліографічні деталі
Формат: Електронний ресурс Журнал
Мова:English
Опубліковано: Cambridge University Press
Онлайн доступ:Full text available on Research4Life (HINARI,AGORA,OARE,ARDI & GOALI)
LEADER 00768cas a2200181 a 4500
001 AALejournalResearch4Life009367
008 240902c9999 xx r poo 0 0eng d
022 |a 20653158 
022 |a 20669917 
040 |a BD-DhAAL  |c BD-DhAAL 
245 0 0 |h [electronic resource]  |a Journal of Plant Development | Alexandru Ioan Cuza University of Iasi 
260 |b Cambridge University Press 
300 |a 1 online resource 
362 0 |a 2004 - current issue 
500 |a <strong>On-Campus Access Only (IP based access)</strong> 
506 |a Electronic access restricted to authorized BRAC University faculty, staff and students 
538 |a Mode of access: Internet 
856 4 0 |z Full text available on Research4Life (HINARI,AGORA,OARE,ARDI & GOALI)  |u http://www.plant-journal.uaic.ro/